Geography Quiz

Random Geography or Blitz Quiz

Countries By First & Last Letter Quiz Stats

 Plays Quiz Updated Dec 13, 2018

Score 0/197 Timer 05:00
3 Plays Today
Country % Correct
(A)lbani(A)
97.4%
(A)lgeri(A)
97.4%
(A)ndorr(A)
97.4%
(A)ngol(A)
97.4%
(A)ntigua and Barbud(A)
97.4%
(A)rgentin(A)
97.4%
(A)rmeni(A)
97.4%
(A)ustrali(A)
97.4%
(A)ustri(A)
97.4%
(C)ambodi(A)
95.6%
(C)anad(A)
95.6%
(C)hin(A)
95.6%
(C)olombi(A)
95.6%
(C)osta ric(A)
95.6%
(C)roati(A)
95.6%
(C)ub(A)
95.6%
(C)zechi(A)
93.3%
[(T)he] (G)ambi(A)
89.1%
(B)olivi(A)
88.8%
(B)osnia and Herzegovin(A)
88.8%
(B)otswan(A)
88.8%
(B)ulgari(A)
88.8%
(S)t. Luci(A)
88.3%
(S)amo(A)
88.3%
(S)audi Arabi(A)
88.3%
(S)erbi(A)
88.3%
(S)lovaki(A)
88.3%
(S)loveni(A)
88.3%
(S)omali(A)
88.3%
(S)outh Afric(A)
88.3%
(S)outh Kore(A)
88.3%
(S)ri Lank(A)
88.3%
(S)yri(A)
88.3%
(M)acedoni(A)
84.1%
(M)alaysi(A)
84.1%
(M)alt(A)
84.1%
(M)auritani(A)
84.1%
(M)icronesi(A)
84.1%
(M)oldov(A)
84.1%
(M)ongoli(A)
84.1%
(N)amibi(A)
83.1%
(N)icaragu(A)
83.1%
(N)igeri(A)
83.1%
(N)orth Kore(A)
83.1%
(G)eorgi(A)
83.1%
(G)han(A)
83.1%
(G)renad(A)
83.1%
(G)uatemal(A)
83.1%
(G)uine(A)
83.1%
(G)uyan(A)
83.1%
(R)omani(A)
83%
(R)ussi(A)
83%
(R)wand(A)
83%
(A)fghanista(N)
81%
(A)zerbaija(N)
81%
(E)quatorial Guine(A)
80.8%
(E)ritre(A)
80.8%
(E)stoni(A)
80.8%
(E)thiopi(A)
80.8%
(L)atvi(A)
79.1%
(L)iberi(A)
79.1%
(L)iby(A)
79.1%
(L)ithuani(A)
79.1%
(S)outh Suda(N)
78.9%
(S)pai(N)
78.9%
(S)uda(N)
78.9%
Country % Correct
(S)wede(N)
78.9%
(I)ndi(A)
78.3%
(I)ndonesi(A)
78.3%
(F)ranc(E)
77.8%
(M)exic(O)
77.1%
(M)onac(O)
77.1%
(M)ontenegr(O)
77.1%
(M)orocc(O)
77.1%
(U)gand(A)
76.1%
(P)anam(A)
72.9%
(P)apua New Guine(A)
72.9%
(T)anzani(A)
72.6%
(T)ong(A)
72.6%
(T)unisi(A)
72.6%
(J)apa(N)
71.9%
(J)orda(N)
71.9%
(C)ôte d'Ivoir(E)
71.4%
(C)abo Verd(E)
71.3%
(C)hil(E)
71.3%
(I)celan(D)
70.7%
(I)relan(D)
70.7%
(F)inlan(D)
70.4%
(B)ahrai(N)
69.5%
(B)eni(N)
69.5%
(B)huta(N)
69.5%
(B)ahama(S)
68.8%
(B)arbado(S)
68.8%
(B)elaru(S)
68.8%
(B)razi(L)
68.5%
(G)erman(Y)
67.7%
(K)eny(A)
67.1%
(D)ominic(A)
66.7%
(J)amaic(A)
65.3%
(D)enmar(K)
63.8%
(U)nited Kingdo(M)
63.8%
(V)enezuel(A)
62.6%
(B)eliz(E)
62.4%
(U)nited State(S)
62.3%
(K)azakhsta(N)
61.8%
(K)yrgyzsta(N)
61.8%
(Z)ambi(A)
61.7%
(T)aiwa(N)
60.4%
(T)ajikista(N)
60.4%
(T)urkmenista(N)
60.4%
(U)nited Arab Emirate(S)
60.2%
(I)ra(N)
60.1%
(I)tal(Y)
59.1%
(B)elgiu(M)
58.3%
(G)reec(E)
58.1%
(S)ão Tomé and Príncip(E)
57.8%
(S)ierra Leon(E)
57.8%
(S)ingapor(E)
57.8%
(S)urinam(E)
57.8%
(E)gyp(T)
57.5%
(N)orwa(Y)
57.1%
(O)ma(N)
57%
(P)ala(U)
56.5%
(P)er(U)
56.5%
(S)witzerlan(D)
56.4%
(L)ebano(N)
55.7%
(L)iechtenstei(N)
55.7%
(N)ew Zealan(D)
55.7%
(Z)imbabw(E)
55.2%
(C)omoro(S)
55.2%
(C)ypru(S)
55.2%
(B)rune(I)
54.4%
Country % Correct
(B)urund(I)
54.4%
(Y)eme(N)
54%
(P)olan(D)
53.9%
(E)cuado(R)
53.9%
(E)l Salvado(R)
53.9%
(H)ait(I)
52.5%
(S)t. Kitts and Nevi(S)
52.4%
(S)t. Vincent and the Grenadine(S)
52.4%
(S)eychelle(S)
52.4%
(S)olomon Island(S)
52.4%
(C)ha(D)
52.2%
(I)ra(Q)
52%
(Q)ata(R)
51.9%
(P)ortuga(L)
51.6%
(U)zbekista(N)
51.6%
(P)akista(N)
51.2%
(D)emocratic Republic of the Cong(O)
50.9%
(F)ij(I)
50.1%
(H)ondura(S)
49.8%
(I)srae(L)
49.6%
(D)jibout(I)
49.2%
(M)aldive(S)
49%
(M)arshall Island(S)
49%
(M)auritiu(S)
49%
(N)etherland(S)
48.9%
(H)ungar(Y)
48.3%
(D)ominican Republi(C)
47.6%
(U)rugua(Y)
47.3%
(C)ameroo(N)
47%
(T)og(O)
47%
(T)rinidad and Tobag(O)
47%
(B)urkina Fas(O)
46.6%
(P)aragua(Y)
46%
(U)krain(E)
46%
(T)urke(Y)
45.5%
(M)ozambiqu(E)
45.1%
(M)alaw(I)
45%
(M)al(I)
45%
(M)adagasca(R)
44.7%
(M)yanma(R)
44.7%
(C)entral African Republi(C)
44.1%
(L)ao(S)
43.5%
(T)hailan(D)
43.2%
(K)osov(O)
42.3%
(B)anglades(H)
42.2%
(V)ietna(M)
41.8%
(L)esoth(O)
40.9%
(G)abo(N)
40.8%
(P)alestin(E)
40.3%
(V)atican Cit(Y)
39.6%
(P)hilippine(S)
39.4%
(S)an Marin(O)
39%
(K)iribat(I)
38.4%
(L)uxembour(G)
37.5%
(R)epublic of the Cong(O)
36.8%
(E)Swatin(I)
34.3%
(V)anuat(U)
33.7%
(N)aur(U)
33.5%
(T)imor-Lest(E)
33.4%
(K)uwai(T)
33.3%
(N)epa(L)
33.2%
(N)ige(R)
33%
(T)uval(U)
32.5%
(G)uinea-Bissa(U)
30.4%
(S)enega(L)
28.6%

You're not logged in!

Compare scores with friends on all Sporcle quizzes.
OR
Log In

Show Comments

Extras

Top Quizzes Today


Score Distribution

Your Account Isn't Verified!

In order to create a playlist on Sporcle, you need to verify the email address you used during registration. Go to your Sporcle Settings to finish the process.

Report this User

Report this user for behavior that violates our Community Guidelines.

Details: